000 00356nam a2200145Ia 4500
008 230817s2010 xx 000 0 und d
041 _aeng
082 _a92071/SAG
100 _aSagare MS
245 _aDrPatangrao Kadam 8th Jan 1944-1969
250 _a1st Ed
260 _aPune
_bBharati Vidyapeeth
_c2010
300 _a32p
650 _aEXTRA CURICULAR
999 _c846947
_d846947